Classifica Marcatori UEFA Champions League 2022-2023 - Statistics

Statistiche generali
  • Questo quiz è stato fatto 27 volte
  • Il punteggio medio è 10 su 11
Statistiche sulle risposte
Gol Nazione Squadra Calciatore % Corretto
12 Norvegia Manchester City Erling Haaland
100%
7 Francia Paris Saint-Germain Kylian Mbappé
100%
8 Egitto Liverpool Mohamed Salah
100%
5 Francia Milan Olivier Giroud
100%
5 Polonia Barcellona Robert Lewandowski
100%
5 Nigeria Napoli Victor Osimhen
100%
7 Brasile Real Madrid Vinícius Júnior
100%
5 Brasile Real Madrid Rodrygo
95%
5 Iran Porto Mehdi Taremi
90%
5 Portogallo Benfica Rafa Silva
52%
6 Portogallo Benfica João Mário
29%
Nessun quiz corrispondente trovato
Distribuzione punteggi
Percentuale di utenti per punteggio
Percentile per numero di risposta
I tuoi punteggi nel tempo
Non hai fatto questo quiz